[Event "Titled Tuesday intern op 23rd Apr Late"]
[Site "Chess.com INT"]
[Date "2024.04.23"]
[Round "4"]
[White "Boyer, Mahel"]
[Black "Perske, Thore"]
[Result "1/2-1/2"]
[WhiteElo "2432"]
[BlackElo "2450"]
[PlyCount "56"]
[EventDate "2024.04.23"]
[EventType "swiss (blitz)"]
[EventRounds "11"]
[EventCountry "USA"]
[SourceTitle "CB18_2024"]
[SourceDate "2024.05.01"]
[SourceVersion "1"]
[SourceVersionDate "2024.05.01"]
[SourceQuality "2"]

1. d4 Nf6 2. Bg5 e6 3. e4 h6 4. Bxf6 Qxf6 5. c3 d5 6. Bb5+ c6 7. Bd3 c5 8. Bb5+ Nc6 9. Nf3 Bd7 10. exd5 exd5 11. 0-0 cxd4 12. cxd4 Bd6 13. Nc3 0-0 14. Nxd5 Qf5 15. Nc3 Rad8 16. Re1 Bb4 17. Bd3 Qa5 18. Qb3 Bg4 19. a3 Bxf3 20. axb4 Qg5 21. Bf1 Nxd4 22. Qd5 Bxd5 23. Kh1 Bc6 24. b5 Bd5 25. Kg1 Be6 26. Kh1 Bd5 27. Kg1 Be6 28. Kh1 Bd5 1/2-1/2

[Event "Titled Tuesday intern op 23rd Apr Late"]
[Site "Chess.com INT"]
[Date "2024.04.23"]
[Round "2"]
[White "Perske, Thore"]
[Black "Miladinovic, Igor"]
[Result "0-1"]
[WhiteElo "2450"]
[BlackElo "2489"]
[PlyCount "142"]
[EventDate "2024.04.23"]
[EventType "swiss (blitz)"]
[EventRounds "11"]
[EventCountry "USA"]
[SourceTitle "CB18_2024"]
[SourceDate "2024.05.01"]
[SourceVersion "1"]
[SourceVersionDate "2024.05.01"]
[SourceQuality "2"]

1. e4 c5 2. Nf3 Nc6 3. g3 g6 4. Bg2 Bg7 5. 0-0 d6 6. h3 b6 7. c3 Nf6 8. Re1 Bb7 9. d4 cxd4 10. cxd4 0-0 11. Nc3 Rc8 12. Bf4 Na5 13. Rc1 Nh5 14. Bg5 h6 15. Bd2 Nc4 16. b3 Nxd2 17. Qxd2 Qd7 18. Kh2 Nf6 19. Ng1 Rc7 20. Nge2 Rfc8 21. Kg1 b5 22. Qd3 b4 23. Nb1 d5 24. e5 Ne4 25. Rxc7 Rxc7 26. f3 Ng5 27. h4 Ne6 28. f4 Qc8 29. Rd1 Nd8 30. Qe3 h5 31. Rc1 e6 32. Rxc7 Qxc7 33. Qd2 a5 34. Kf2 Nc6 35. Ng1 Ne7 36. Nf3 Nf5 37. Bh3 Nh6 38. Qb2 Bf8 39. Nbd2 Qc3 40. Qb1 Ng4+ 41. Kg2 Ne3+ 42. Kf2 Nc2 43. Bf1 Nxd4 44. Qd3 Bc5 45. Nxd4 Bxd4+ 46. Ke2 Qc5 47. Kd1 Bc3 48. Nf3 d4 49. Be2 Bd5 50. Nd2 a4 51. Bf3 axb3 52. axb3 Bxd2 53. Bxd5 Qxd5 54. Kxd2 Qg2+ 55. Kd1 Qg1+ 56. Kd2 Qf2+ 57. Kd1 Kg7 58. Kc1 Qa2 59. Kd1 Qb2 60. Ke1 Qc3+ 61. Ke2 Kf8 62. Qd2 Ke7 63. Qd1 Qe3+ 64. Kf1 d3 65. Kg2 Qe4+ 66. Qf3 Qd4 67. Qb7+ Kf8 68. Qc8+ Kg7 69. Qc1 d2 70. Qd1 Qe3 71. Kh3 Qe1 0-1

[Event "Titled Tuesday intern op 12th Mar Late"]
[Site "Chess.com INT"]
[Date "2024.03.12"]
[Round "11"]
[White "Bold, Andre"]
[Black "Perske, Thore"]
[Result "1-0"]
[WhiteElo "2218"]
[BlackElo "2450"]
[PlyCount "97"]
[EventDate "2024.03.12"]
[EventType "swiss (blitz)"]
[EventRounds "11"]
[EventCountry "USA"]
[SourceTitle "CB12_2024"]
[SourceDate "2023.10.01"]
[SourceVersion "1"]
[SourceVersionDate "2023.10.01"]
[SourceQuality "1"]

1. d4 d5 2. Nf3 Nf6 3. c3 e6 4. Bf4 c5 5. e3 Nc6 6. Nbd2 cxd4 7. exd4 Nh5 8. Be3 Bd6 9. Be2 Nf4 10. Bxf4 Bxf4 11. 0-0 Bd7 12. Re1 0-0 13. g3 Bd6 14. Bd3 h6 15. Bb5 Nb8 16. Bxd7 Nxd7 17. Qe2 Rb8 18. Kg2 b5 19. b4 a5 20. a3 a4 21. Rec1 Qc7 22. Ne1 Qc6 23. Nd3 Nb6 24. Nc5 Rbe8 25. f4 Re7 26. Rf1 Rfe8 27. Rae1 f6 28. Qf3 Bxc5 29. dxc5 Nd7 30. c4 Nb8 31. cxd5 exd5 32. Kf2 Qd7 33. Rxe7 Rxe7 34. Re1 Rxe1 35. Kxe1 Nc6 36. Qd3 d4 37. Qxb5 d3 38. Qc4+ Kf8 39. Kf2 Qh3 40. Nf1 Qd7 41. Qc3 Qd5 42. b5 Na7 43. Qb4 Qb3 44. Qxb3 axb3 45. b6 Nc6 46. Nd2 Ke7 47. Nxb3 Ke6 48. Ke3 Kd5 49. Kxd3 1-0

[Event "Titled Tuesday intern op 13th Feb Late"]
[Site "Chess.com INT"]
[Date "2024.02.13"]
[Round "4"]
[White "Perske, Thore"]
[Black "Jackson, Edward"]
[Result "0-1"]
[WhiteElo "2451"]
[BlackElo "2156"]
[PlyCount "160"]
[EventDate "2024.02.13"]
[EventType "swiss (blitz)"]
[EventRounds "11"]
[EventCountry "USA"]
[SourceTitle "CB08_2024"]
[SourceDate "2024.02.21"]
[SourceVersion "1"]
[SourceVersionDate "2024.02.21"]
[SourceQuality "1"]

1. e4 c6 2. d3 d5 3. Nd2 e5 4. Ngf3 Bd6 5. d4 exd4 6. Bd3 Bg4 7. 0-0 Ne7 8. h3 Bh5 9. Re1 0-0 10. e5 Bc5 11. Nf1 Bg6 12. Ng3 Nd7 13. h4 Re8 14. h5 Bxd3 15. Qxd3 Nf8 16. h6 g6 17. Nxd4 Qb6 18. c3 Bxd4 19. cxd4 Ne6 20. Be3 a5 21. f4 Qa6 22. Qb1 Qc4 23. Rc1 Qb4 24. a3 Qb3 25. Rc3 Qb6 26. Qd3 Qa6 27. Qc2 Qb6 28. Rd1 Nf8 29. f5 a4 30. Rd2 Ra5 31. f6 Nc8 32. Ne2 Ne6 33. Nf4 Nxf4 34. Bxf4 Qa6 35. Kh2 Nb6 36. Re2 Nc4 37. Qd3 Re6 38. Bc1 b5 39. g4 Qb7 40. Kg3 Ra8 41. Rcc2 Qb8 42. Bf4 Qb7 43. Bd2 Qa6 44. Bb4 Qb7 45. Kh4 Qc8 46. Bc5 Qb7 47. Qc3 Qc8 48. Qb4 Qe8 49. Qc3 Qc8 50. g5 Re8 51. Qh3 Qxh3+ 52. Kxh3 Re6 53. Kg4 Ra6 54. Kf4 Ra8 55. Kf3 Ra6 56. Kf4 Ra8 57. Re1 Ra6 58. Ra1 Ra8 59. Kf3 Ra6 60. Ke2 Ra8 61. Kd3 Ra6 62. Rb1 Re8 63. Re2 Ra5 64. Kc3 Ra6 65. Bb4 Re6 66. Bc5 Re8 67. Kb4 Raa8 68. Rbe1 Re6 69. Kc3 Ra6 70. Ra1 Ra8 71. Be7 Ra6 72. b3 axb3 73. Kxb3 Ra4 74. Rc2 Na5+ 75. Ka2 Nc4 76. Rc3 Na5 77. Rb3 Nxb3 78. Kxb3 Rxd4 79. Rc1 Rc4 80. Bd6 Rxc1 0-1

[Event "Titled Tuesday intern op 16th Jan Early"]
[Site "Chess.com INT"]
[Date "2024.01.16"]
[Round "2"]
[White "Perske, Thore"]
[Black "Khakhinov, Ilya"]
[Result "0-1"]
[WhiteElo "2449"]
[BlackElo "2236"]
[PlyCount "80"]
[EventDate "2024.01.16"]
[EventType "swiss (blitz)"]
[EventRounds "11"]
[EventCountry "USA"]
[SourceTitle "CB04_2024"]
[SourceDate "2023.10.16"]
[SourceVersion "1"]
[SourceVersionDate "2023.10.16"]
[SourceQuality "1"]

1. d4 d5 2. Nf3 Nf6 3. g3 e6 4. Bg2 Be7 5. 0-0 0-0 6. c4 c5 7. cxd5 Nxd5 8. dxc5 Bxc5 9. a3 Nc6 10. b4 Be7 11. e4 Nf6 12. e5 Nd5 13. Bb2 a6 14. Nbd2 b5 15. Ne4 Bb7 16. Rc1 a5 17. Nc5 Bxc5 18. bxc5 b4 19. axb4 axb4 20. h4 Qe7 21. Ng5 h6 22. Ne4 Ba6 23. Re1 Rfd8 24. Qg4 Bd3 25. Nf6+ Kh8 26. Nxd5 exd5 27. e6 f6 28. h5 Ra2 29. Ba1 b3 30. Bc3 d4 31. Bxc6 dxc3 32. Rxc3 b2 33. Rb3 Ra1 34. Rxb2 Rxe1+ 35. Kg2 Qxe6 36. Bf3 Be4 37. Qf4 Bxf3+ 38. Qxf3 Qe4 39. c6 Qxf3+ 40. Kxf3 Rc1 0-1

[Event "Titled Tuesday intern op 09th Jan Early"]
[Site "Chess.com INT"]
[Date "2024.01.09"]
[Round "4"]
[White "Klimkowski, Jan"]
[Black "Perske, Thore"]
[Result "0-1"]
[WhiteElo "2531"]
[BlackElo "2449"]
[PlyCount "70"]
[EventDate "2024.01.09"]
[EventType "swiss (blitz)"]
[EventRounds "11"]
[EventCountry "USA"]
[SourceTitle "CB03_2024"]
[SourceDate "2024.01.17"]
[SourceVersion "1"]
[SourceVersionDate "2024.01.17"]
[SourceQuality "1"]

1. g3 Nf6 2. Bg2 g6 3. Nf3 Bg7 4. 0-0 0-0 5. b3 d6 6. Bb2 e5 7. c4 Re8 8. Nc3 a5 9. d4 e4 10. Nd2 Bf5 11. f3 e3 12. Nde4 Nbd7 13. Qd3 Bxe4 14. fxe4 c5 15. Nb5 Qb6 16. Qxe3 a4 17. e5 dxe5 18. dxe5 Ng4 19. Qf3 Ndxe5 20. Qxb7 Qxb7 21. Bxb7 Rab8 22. Bd5 axb3 23. axb3 Re7 24. Ra8 Rxa8 25. Bxa8 h5 26. Ra1 Ne3 27. h3 h4 28. g4 Nf3+ 29. Bxf3 Bxb2 30. Ra2 Be5 31. Na7 Rd7 32. Kf2 Nd1+ 33. Ke1 Bg3+ 34. Kf1 Ne3+ 35. Kg1 Rd1# 0-1

[Event "Titled Tuesday intern op 24th Oct Late"]
[Site "Chess.com INT"]
[Date "2023.10.24"]
[Round "3"]
[White "Perske, Thore"]
[Black "Buchenau, Frank"]
[Result "1-0"]
[WhiteElo "2451"]
[BlackElo "2135"]
[PlyCount "51"]
[EventDate "2023.10.24"]
[EventType "swiss (blitz)"]
[EventRounds "11"]
[EventCountry "USA"]
[SourceTitle "Mega2024 Update 01"]
[Source "Chessbase"]
[SourceDate "2023.11.12"]
[SourceVersion "1"]
[SourceVersionDate "2023.11.12"]
[SourceQuality "1"]

1. e4 e6 2. d4 d5 3. Nd2 c5 4. Ngf3 cxd4 5. Nxd4 Nc6 6. Bb5 Bd7 7. Nxc6 bxc6 8. Bd3 Bd6 9. Qe2 Qc7 10. Nf3 e5 11. 0-0 Ne7 12. Re1 dxe4 13. Qxe4 f5 14. Qh4 e4 15. Bg5 Ng6 16. Qh5 Kf8 17. Bxe4 fxe4 18. Rxe4 Re8 19. Rae1 Rxe4 20. Rxe4 Bf5 21. Nd4 Qf7 22. Nxf5 Qxf5 23. Re3 Bf4 24. Rf3 Ke8 25. Rxf4 Qxc2 26. h4 1-0

[Event "Titled Tuesday intern op 26th Sep Late"]
[Site "Chess.com INT"]
[Date "2023.09.26"]
[Round "6"]
[White "Vakhlamov, Igor L"]
[Black "Perske, Thore"]
[Result "1/2-1/2"]
[WhiteElo "2413"]
[BlackElo "2448"]
[PlyCount "121"]
[EventDate "2023.09.26"]
[EventType "swiss (blitz)"]
[EventRounds "11"]
[EventCountry "USA"]
[SourceTitle "EXT 2024"]
[Source "ChessBase"]
[SourceDate "2023.10.10"]
[SourceVersion "1"]
[SourceVersionDate "2023.10.10"]
[SourceQuality "1"]

1. e4 e6 2. d4 d5 3. Nc3 Bb4 4. exd5 exd5 5. Bd3 c6 6. Nf3 Bg4 7. 0-0 Ne7 8. h3 Bh5 9. g4 Bg6 10. Ne5 f6 11. Nxg6 hxg6 12. Qf3 Nd7 13. Re1 Nf8 14. Bf4 Bd6 15. Re3 Bxf4 16. Qxf4 g5 17. Qg3 Kf7 18. f4 gxf4 19. Qxf4 Nfg6 20. Qf2 Qb6 21. Na4 Qc7 22. Rae1 Rae8 23. Nc5 Nf4 24. Bf1 b6 25. Ne6 Nxe6 26. Rxe6 Ng6 27. Rxe8 Rxe8 28. Rxe8 Kxe8 29. Qe3+ Kf7 30. c3 Nf4 31. Kf2 g5 32. a3 a5 33. Kg1 Qd6 34. Kf2 Qf8 35. Kg1 Qh8 36. Kf2 Qh4+ 37. Qg3 Qh8 38. Qe3 Qb8 39. Kg1 Qd6 40. Kf2 c5 41. Kg1 c4 42. Kf2 b5 43. Kg1 b4 44. axb4 axb4 45. Kf2 Qb6 46. Kg1 Qa5 47. h4 Ne6 48. hxg5 Nxg5 49. Bg2 Qa1+ 50. Kh2 Qxb2 51. cxb4 c3 52. b5 c2 53. Bxd5+ Kg6 54. Qe8+ Kg7 55. Qe7+ Kg6 56. Qe8+ Kh6 57. Qf8+ Kg6 58. Qg8+ Kh6 59. Qf8+ Kh7 60. Qg8+ Kh6 61. Qf8+ 1/2-1/2

[Event "Titled Tuesday intern op 19th Sep Late"]
[Site "Chess.com INT"]
[Date "2023.09.19"]
[Round "6"]
[White "Bernadskiy, Vitaliy"]
[Black "Perske, Thore"]
[Result "1-0"]
[WhiteElo "2524"]
[BlackElo "2448"]
[PlyCount "133"]
[EventDate "2023.09.19"]
[EventType "swiss (blitz)"]
[EventRounds "11"]
[EventCountry "USA"]
[SourceTitle "EXT 2024"]
[Source "ChessBase"]
[SourceDate "2023.10.10"]
[SourceVersion "1"]
[SourceVersionDate "2023.10.10"]
[SourceQuality "1"]

1. e4 e6 2. Nf3 d5 3. e5 c5 4. b4 cxb4 5. a3 bxa3 6. d4 Nc6 7. c3 Bd7 8. Bd3 a6 9. 0-0 Rc8 10. Re1 h6 11. Bxa3 Bxa3 12. Nxa3 Nge7 13. Nc2 Na5 14. Ra3 Nc4 15. Bxc4 dxc4 16. Nd2 0-0 17. Ne4 Bc6 18. Nd6 Rc7 19. Ne3 Nc8 20. Nexc4 Bd5 21. Nxc8 Qxc8 22. Nd6 Qd7 23. Qd3 Qc6 24. Qg3 b5 25. h4 Ra8 26. Rb1 Rb8 27. Kh2 Qb6 28. Qf4 Qc6 29. h5 Rb6 30. Re1 Qd7 31. Re3 Qe7 32. Rg3 Kh8 33. Ra1 Rbc6 34. Qd2 Rxd6 35. exd6 Qxd6 36. Kg1 Ra7 37. Qb2 Bc4 38. Ra5 Rc7 39. Re3 Rc6 40. Ra1 Bd5 41. Qa3 Qb8 42. Qe7 Kg8 43. Rg3 Qf8 44. Qf6 Kh8 45. Qe5 f6 46. Qe3 Qf7 47. Rg6 Qc7 48. Rg3 Qf7 49. Rh3 Qc7 50. Qd3 Bc4 51. Qg6 Bd5 52. Rg3 Qe7 53. Re1 Rc7 54. Qd3 Qf7 55. Rg6 Bc4 56. Qg3 Bd5 57. Qd6 Rc6 58. Qb4 Kg8 59. Re3 Qf8 60. Reg3 Rc7 61. Qa5 Qd6 62. Rxh6 Rd7 63. Rhg6 Qc6 64. h6 Be4 65. Rxg7+ Rxg7 66. Rxg7+ Kh8 67. Qd8+ 1-0

[Event "Titled Tuesday intern op 29th Aug Late"]
[Site "Chess.com INT"]
[Date "2023.08.29"]
[Round "4"]
[White "Firouzja, Alireza"]
[Black "Perske, Thore"]
[Result "1-0"]
[WhiteElo "2777"]
[BlackElo "2448"]
[PlyCount "91"]
[EventDate "2023.08.29"]
[EventType "swiss (blitz)"]
[EventRounds "11"]
[EventCountry "USA"]
[SourceTitle "EXT 2024"]
[Source "ChessBase"]
[SourceDate "2023.10.10"]
[SourceVersion "1"]
[SourceVersionDate "2023.10.10"]
[SourceQuality "1"]

1. e4 e6 2. d4 d5 3. Bd3 dxe4 4. Bxe4 Nf6 5. Bf3 c5 6. Ne2 Be7 7. Nbc3 0-0 8. Be3 Qa5 9. 0-0 Nc6 10. Bxc6 bxc6 11. dxc5 Bxc5 12. Bxc5 Qxc5 13. Qd4 Qb6 14. Na4 Qxd4 15. Nxd4 Ba6 16. Rfd1 Bb5 17. Nc5 Rfd8 18. a4 Rd5 19. axb5 Rxc5 20. b6 Rd5 21. Rxa7 Rb8 22. b7 e5 23. Ra8 Nd7 24. Rda1 Rxd4 25. f4 Rb4 26. Rd1 R4xb7 27. Rxd7 Rxa8 28. Rxb7 exf4 29. Rc7 g5 30. Rxc6 Ra1+ 31. Kf2 Kg7 32. Rc5 f6 33. b4 Rb1 34. b5 Kg6 35. Kf3 h5 36. Ke4 Rg1 37. c4 Rxg2 38. b6 Re2+ 39. Kf3 Rb2 40. Rb5 Rc2 41. b7 Rc3+ 42. Kf2 g4 43. b8Q g3+ 44. hxg3 fxg3+ 45. Qxg3+ Rxg3 46. Kxg3 1-0

[Event "Titled Tuesday intern op 29th Aug Late"]
[Site "Chess.com INT"]
[Date "2023.08.29"]
[Round "3"]
[White "Perske, Thore"]
[Black "Oro, Faustino"]
[Result "1-0"]
[WhiteElo "2448"]
[BlackElo "2316"]
[PlyCount "67"]
[EventDate "2023.08.29"]
[EventType "swiss (blitz)"]
[EventRounds "11"]
[EventCountry "USA"]
[SourceTitle "EXT 2024"]
[Source "ChessBase"]
[SourceDate "2023.10.10"]
[SourceVersion "1"]
[SourceVersionDate "2023.10.10"]
[SourceQuality "1"]

1. d4 Nf6 2. g3 d5 3. Bg2 e6 4. Nf3 Be7 5. c4 0-0 6. 0-0 dxc4 7. Qc2 b5 8. a4 b4 9. Nbd2 Bb7 10. Nxc4 c5 11. dxc5 Bxc5 12. Qd1 Qe7 13. Be3 Bxe3 14. Nxe3 Nbd7 15. Nd4 Bxg2 16. Kxg2 Nc5 17. Nb3 Rfd8 18. Qc2 Nce4 19. Rac1 h5 20. h3 a5 21. Rfd1 Nd6 22. Nc4 Nxc4 23. Rxd8+ Rxd8 24. Qxc4 Rd5 25. e4 Re5 26. Nc5 Qd6 27. Rc2 Rg5 28. Nd3 e5 29. Ne1 Qd1 30. Nf3 Rg6 31. Nh4 Rg5 32. Nf3 Rg6 33. Rd2 Qc1 34. Qxc1 1-0

[Event "Titled Tuesday intern op 29th Aug Late"]
[Site "Chess.com INT"]
[Date "2023.08.29"]
[Round "7"]
[White "Rees, Ioan"]
[Black "Perske, Thore"]
[Result "1-0"]
[WhiteElo "2289"]
[BlackElo "2448"]
[PlyCount "103"]
[EventDate "2023.08.29"]
[EventType "swiss (blitz)"]
[EventRounds "11"]
[EventCountry "USA"]
[SourceTitle "EXT 2024"]
[Source "ChessBase"]
[SourceDate "2023.10.10"]
[SourceVersion "1"]
[SourceVersionDate "2023.10.10"]
[SourceQuality "1"]

1. d4 d5 2. Nf3 Nf6 3. c4 c6 4. cxd5 cxd5 5. Nc3 Nc6 6. Bf4 Bf5 7. Qb3 Na5 8. Qa4+ Bd7 9. Qc2 Nc4 10. e3 Rc8 11. Bd3 e6 12. 0-0 Bd6 13. Bg5 h6 14. Bh4 g5 15. Bg3 Qc7 16. Rfc1 Bxg3 17. hxg3 h5 18. Bxc4 dxc4 19. Nxg5 h4 20. Nce4 Nxe4 21. Nxe4 hxg3 22. Qxc4 gxf2+ 23. Kxf2 Qxc4 24. Rxc4 Rxc4 25. Nd6+ Ke7 26. Nxc4 Bc6 27. Ne5 Be4 28. Rc1 Rg8 29. Nf3 Kd6 30. b4 f6 31. a3 a5 32. bxa5 Ra8 33. Rc5 Ra6 34. Nd2 Bc6 35. Nc4+ Ke7 36. Nb6 Kd6 37. g4 e5 38. Kg3 exd4 39. exd4 Be4 40. Kf4 Bb1 41. Kg3 Bd3 42. Kh4 Ke6 43. Kh5 Kf7 44. Kh4 Bb1 45. Kg3 Ke6 46. Kf4 Kd6 47. Rc8 Ke6 48. Re8+ Kf7 49. Rb8 Rxa5 50. Rxb7+ Ke6 51. d5+ Kd6 52. Nc4+ 1-0

[Event "Titled Tuesday intern op 22nd Aug Late"]
[Site "Chess.com INT"]
[Date "2023.08.22"]
[Round "5"]
[White "Bogaudinov, Rushan"]
[Black "Perske, Thore"]
[Result "0-1"]
[WhiteElo "1853"]
[BlackElo "2448"]
[PlyCount "32"]
[EventDate "2023.08.22"]
[EventType "swiss (blitz)"]
[EventRounds "11"]
[EventCountry "USA"]
[SourceTitle "EXT 2024"]
[Source "ChessBase"]
[SourceDate "2023.10.10"]
[SourceVersion "1"]
[SourceVersionDate "2023.10.10"]
[SourceQuality "1"]

1. d4 d5 2. c4 e5 3. dxe5 d4 4. e3 Bb4+ 5. Bd2 dxe3 6. fxe3 Qh4+ 7. g3 Qe4 8. Qf3 Bxd2+ 9. Nxd2 Qxe5 10. Qf4 Nc6 11. Qxe5+ Nxe5 12. 0-0-0 Be6 13. Be2 0-0-0 14. h3 Nf6 15. Ngf3 Nd3+ 16. Bxd3 Rxd3 0-1

[Event "Titled Tuesday intern op 22nd Aug Late"]
[Site "Chess.com INT"]
[Date "2023.08.22"]
[Round "7"]
[White "Perske, Thore"]
[Black "Urbina Perez, Juan Antonio"]
[Result "1-0"]
[WhiteElo "2448"]
[BlackElo "2266"]
[PlyCount "61"]
[EventDate "2023.08.22"]
[EventType "swiss (blitz)"]
[EventRounds "11"]
[EventCountry "USA"]
[SourceTitle "EXT 2024"]
[Source "ChessBase"]
[SourceDate "2023.10.10"]
[SourceVersion "1"]
[SourceVersionDate "2023.10.10"]
[SourceQuality "1"]

1. d4 d5 2. Nf3 Nf6 3. g3 Bf5 4. Bg2 e6 5. c4 c6 6. Nc3 h6 7. Qb3 Qb6 8. c5 Qxb3 9. axb3 Na6 10. h3 Nb4 11. Ra4 a5 12. g4 Bc2 13. Ra3 Be7 14. 0-0 0-0 15. Bf4 Ne4 16. Rc1 g5 17. Bc7 Nf6 18. Bxa5 Rxa5 19. Rxa5 Bg6 20. Ne5 Bh7 21. Ra7 Rb8 22. Rca1 Na6 23. R1xa6 bxa6 24. Rxe7 Rxb3 25. Nxc6 Rxb2 26. Bf3 Rc2 27. Na4 Ne4 28. Ne5 Ra2 29. c6 Rxa4 30. c7 Nd6 31. Rd7 1-0

[Event "Titled Tuesday intern op 08th Aug Late"]
[Site "Chess.com INT"]
[Date "2023.08.08"]
[Round "6"]
[White "Kohler, Aran"]
[Black "Perske, Thore"]
[Result "0-1"]
[WhiteElo "2011"]
[BlackElo "2448"]
[PlyCount "62"]
[EventDate "2023.08.08"]
[EventType "swiss (blitz)"]
[EventRounds "11"]
[EventCountry "USA"]
[SourceTitle "EXT 2024"]
[Source "ChessBase"]
[SourceDate "2023.10.10"]
[SourceVersion "1"]
[SourceVersionDate "2023.10.10"]
[SourceQuality "1"]

1. d4 d5 2. Bf4 c5 3. e3 Nc6 4. c3 Nf6 5. Bd3 e6 6. Nd2 cxd4 7. exd4 Be7 8. Ngf3 Nh5 9. Bg3 Nxg3 10. hxg3 h6 11. Qe2 Bd7 12. 0-0-0 a6 13. Kb1 b5 14. Ne5 Nxe5 15. dxe5 Qb6 16. f4 a5 17. g4 Bc6 18. f5 b4 19. c4 a4 20. fxe6 fxe6 21. Bg6+ Kd7 22. cxd5 Bxd5 23. Ne4 Rhc8 24. Rhf1 b3 25. a3 Rc2 26. Nf6+ gxf6 27. Bxc2 bxc2+ 28. Qxc2 fxe5 29. Rf7 Qb5 30. Qd3 Qxd3+ 31. Rxd3 Ke8 0-1

[Event "Titled Tuesday intern op 08th Aug Late"]
[Site "Chess.com INT"]
[Date "2023.08.08"]
[Round "1"]
[White "Perske, Thore"]
[Black "Guzman Lozano, Campo Elias"]
[Result "1-0"]
[WhiteElo "2448"]
[BlackElo "1924"]
[PlyCount "149"]
[EventDate "2023.08.08"]
[EventType "swiss (blitz)"]
[EventRounds "11"]
[EventCountry "USA"]
[SourceTitle "EXT 2024"]
[Source "ChessBase"]
[SourceDate "2023.10.10"]
[SourceVersion "1"]
[SourceVersionDate "2023.10.10"]
[SourceQuality "1"]

1. d4 e6 2. g3 Nf6 3. Bg2 c5 4. Nf3 Nc6 5. 0-0 Be7 6. c4 d6 7. b3 0-0 8. Bb2 Rb8 9. Nc3 Ng4 10. h3 Nh6 11. d5 Nb4 12. a3 Na6 13. dxe6 fxe6 14. e4 Nc7 15. a4 Nf7 16. Qd2 Na6 17. Nb5 Nb4 18. Nxa7 Bd7 19. Nb5 Bc6 20. Rfe1 e5 21. Nc3 Qd7 22. Nd5 Na6 23. Nh2 Bg5 24. Qd3 Bxd5 25. Qxd5 Nb4 26. Qd1 Bd8 27. Ng4 Nc6 28. Ne3 Nd4 29. Nd5 Ng5 30. Bxd4 cxd4 31. h4 Ne6 32. b4 Nc7 33. Qb3 Nxd5 34. exd5 Kh8 35. Be4 Qg4 36. Qd3 Bxh4 37. Kg2 Be7 38. Bxh7 Rf6 39. Rh1 Rh6 40. Rxh6 gxh6 41. Rh1 Kg7 42. Be4 Rf8 43. a5 h5 44. Bf3 e4 45. Qxe4 Qxe4 46. Bxe4 h4 47. gxh4 Rf4 48. f3 Rxh4 49. Rxh4 Bxh4 50. b5 Bd8 51. a6 bxa6 52. bxa6 Bb6 53. f4 Kf6 54. Kf3 Ba7 55. Ke2 Bb6 56. Kd3 Ba7 57. Kc2 Bc5 58. Kb3 Kf7 59. Ka4 Ke7 60. Kb5 Kd7 61. Bf5+ Kc7 62. Bg4 d3 63. f5 Bd4 64. Bd1 d2 65. Bf3 Be5 66. Bg4 Bd4 67. Be2 Ba7 68. f6 Bd4 69. f7 Bg7 70. c5 dxc5 71. Kxc5 Bf8+ 72. Kd4 Kb6 73. Ke5 Kc7 74. Ke6 Bd6 75. a7 1-0

[Event "Titled Tuesday intern op 08th Aug Early"]
[Site "Chess.com INT"]
[Date "2023.08.08"]
[Round "2"]
[White "Perske, Thore"]
[Black "Linster, Philippe"]
[Result "1-0"]
[WhiteElo "2448"]
[BlackElo "2303"]
[PlyCount "71"]
[EventDate "2023.08.08"]
[EventType "swiss (blitz)"]
[EventRounds "11"]
[EventCountry "USA"]
[SourceTitle "EXT 2024"]
[Source "ChessBase"]
[SourceDate "2023.10.10"]
[SourceVersion "1"]
[SourceVersionDate "2023.10.10"]
[SourceQuality "1"]

1. d4 Nf6 2. g3 e6 3. Bg2 d5 4. Nf3 Be7 5. 0-0 c5 6. c4 cxd4 7. Nxd4 Nc6 8. Nc3 0-0 9. cxd5 exd5 10. h3 Re8 11. Be3 Bd6 12. Bg5 Be5 13. Nf3 Bxc3 14. bxc3 Be6 15. Nd4 h6 16. Be3 Na5 17. Rb1 Qd7 18. Kh2 Nc4 19. Bf4 Rac8 20. Qb3 b6 21. Rfd1 Ne4 22. Nxe6 Qxe6 23. Kg1 g5 24. Bc1 Nxf2 25. Kxf2 Qxe2+ 26. Kg1 Na5 27. Qxd5 Rcd8 28. Qxd8 Rxd8 29. Rxd8+ Kg7 30. Rd2 Qe1+ 31. Kh2 Nc4 32. Rd4 Na3 33. Bxa3 Qxb1 34. Rd7 Qxa2 35. Rxa7 h5 36. Bf8+ 1-0